000 03870nab a22007937 4500
003 AR-RoUNA
022 _a0327-9022
040 _aAR-RoUNA
_bspa
041 _aspa
044 _aag
245 _aSumma+
260 _aBuenos Aires (Argentina):
_cDonn SA,
_b1993.
300 _a144 p. :
_bil. byn.
_bplanos
_c34X25 cm.
505 0 _tINDICE
505 0 _tHUELLAS CONSERVADAS
505 0 _aConstanza Llorente / El pasado y sus destellos. p. 4
505 0 _tINAUGURANDO RUINAS
505 0 _aDavid Chipperfield arch / Neues Museum, Isla de los Museos, Berlín, Alemania, 2009. p. 6
505 0 _tSIGUIENDO EL CAMINO BLANCO
505 0 _aJesús Aparicio - Jesús Donaire / DOMUSae, Salón de Reinos, Madrid, España, 2011. p. 16
505 0 _tABRIENDO ESPACIOS
505 0 _aTaller de arquitectura Mauricio Rocha / Centro Académico y Cultural San Pablo, Oax, México, 2012. p. 24
505 0 _tHUELLAS TRANSFORMADOS
505 0 _aMartín Di Peco / Una liviana herencia. p. 32
505 0 _tCASA FANTASMA
505 0 _aAires Mateus / Casa en Alcobaça, Portugal, 2011. p. 34
505 0 _tCASA RODANTE
505 0 _aBenjamín Krampulz, arq. / Transformación de un establo, Suiza, 2011. p. 40
505 0 _tCASA CONECTORA
505 0 _aAdolfo Mondejar Estudios de arqs. / Casa Eguia - Cima, Sierras de Córdoba, Argentina, 2014. p. 46
505 0 _tHUELLAS FABRICADAS
505 0 _aValeria Matayoshi / Dejando rastros. p. 52
505 0 _tSAN CONCRETO
505 0 _aJavier Corvalán / Capilla San Miguel Arcángel, Asunción, Paraguay, 2011. p. 54
505 0 _tEL PASADO PRESENTE
505 0 _aAFF Arch, Martín Fröhlich, Sven Fröhlich / ¨Hutznhaisl¨, Cabña en la Montaña Fichtelberg, Oberwiesenthal, Alemania, 2009. p. 58
505 0 _tFLORECIDO
505 0 _aValerio Olgiati / Atelier Bardill, Scharans, Suiza, 2007. p. 62
505 0 _tARQUITECTURA ¨BURDA¨
505 0 _aSmilian Radic / Pabellón de la Galería Serpentine ¨Folly¨ , Londres, Reino Unido, 2014. p. 66
505 0 _tCUERPO DE HORMIGÓN Y CORAZÓN DE PASTO
505 0 _aAntón García - Abril / La Trufa, Costa da Morte, España, 2010. p. 72
505 0 _tBUNKERS
505 0 _aInés Molinari / Desarmando la historia. p. 78
505 0 _tINTERIOR DUPLICADO
505 0 _aB-ILD / Bunker, Vuren, Países Bajos, 2014. p. 80
505 0 _tACORAZADO ABIERTO
505 0 _aAtelier de Lyon y Raaaf / Bunker 599, Países Bajos, 2010. p. 84
505 0 _tDESPEJADA Y DESPOJADA
505 0 _aSkälsö arkitekter / Edificio Nº 8, Gotland, Suecia, 2011. p. 88
505 0 _aFernando Diez / Las huellas de la madera: de la ocupación al deseo. p. 92
505 0 _aRuth Verde Zein / Conexiones Brutalistas: ¿de qué se trata?. p. 99
505 0 _aMario R. Minervino / Huellas de sal. p. 106
505 0 _aOBRA, PENSAMIENTO Y CIUDAD. p. 110
505 0 _aValeria Matayoshi y Martín Di Peco / Descentrar y Multiplicar. p. 114
505 0 _aJorien Kemerink / Depellejados. p. 118
505 0 _aRuth Verde Zein y Ana Gabriela Godinho Lima / El elefante en la cocina. p. 122
505 0 _aMinisterio de Educación y Salud: Ícono urbano de la modernidad brasileña (1935-1945). p. 124
505 0 _aRafael E. J. Iglesia / De la naturaleza al artificio. p. 125
505 0 _aRita Molinos, Maximiliano Salomón y Mario Sabugo / La polenta de Alessandro Antonelli. p. 126
505 0 _aRoberto Fernández / Leonardo en trópico: la pasión de Helio Oiticica. p. 127
505 0 _aCarlos G. Giménez y Fernando Domínguez / Australes, Modernos y Concretos. p. 128
650 _2Arquitectura conteporánea
773 0 _aSumma+
_dBuenos Aires, Argentina
_gNº142 (abr, 2015), p. 128
_x0327-9022
908 _aImp
942 _2udc
_cART
945 _d2022-07-08
980 _6138
_aCarolina Rainero
_85
_gMaría Machado
999 _c12296
_d12296